| 000 | 00523nam a22001697a 4500 | ||
|---|---|---|---|
| 005 | 20251108165221.0 | ||
| 008 | 250721s1958 xx 000 0 ara d | ||
| 082 | 1 | 4 | _a611/محم |
| 100 | 1 | _aالبابا، محمد شفيق | |
| 245 | 1 | 0 |
_aالموجز في مبادىء : _bالتشريح و الغرائز البشرية / |
| 250 | _aط2 | ||
| 264 | 1 |
_aدمشق : _bمطبعة الجامعة السورية، _c1958. |
|
| 300 | _a148ص : مصور | ||
| 650 | 1 | 7 | _aالتشريح |
| 942 |
_2ddc _cBK |
||
| 999 |
_c22406 _d22406 |
||